| 000 | 01124nas a2200361 4500 | ||
|---|---|---|---|
| 001 | BR0602860 | ||
| 003 | BR-BrBNA | ||
| 005 | 20231205110105.0 | ||
| 007 | ta | ||
| 008 | 230509b bl.|||p| |||| 00| 00por d | ||
| 040 |
_aBR-BrBNA _bpor _cBiblioteca Nacional de Agricultura |
||
| 041 | _a(Pt) | ||
| 072 | _aL02; L53 | ||
| 100 | 1 | _aArouca, C.L.C. | |
| 100 | 1 | _aFontes, D.O. | |
| 100 | 1 | _aVeloso, J.AF. | |
| 100 | 1 | _aMoreira, H.F.V. | |
| 100 | 1 | _aMarinho, P.C. | |
| 245 | 1 | _aExigências de lisina, com base no conceito de proteína ideal, para suínos machos castrados dos 96 aos 120 kg, selecionados para eficiência de crescimento | |
| 650 | _aSUÍNO | ||
| 650 | _aDIETA | ||
| 650 | _aLISINA | ||
| 650 | _aPROTEÍNA | ||
| 650 | _aEXIGÊNCIA NUTRICIONAL | ||
| 650 | _aPERFORMANCE | ||
| 650 | _aCARCAÇA | ||
| 650 | _aTERMINAÇÃO | ||
| 650 | _aGANHO DE PESO | ||
| 650 | _aPRODUTIVIDADE | ||
| 773 | 0 |
_tArquivo Brasileiro de Medicina Veterinária e Zootecnia (Brazil) _xISSN 0102-0935 _g(Feb 2005), v. 57(1) p. 104-111 _wBR0602860 |
|
| 909 |
_a202311 _bLúcia _c55 _dLúcia Elande |
||
| 942 |
_2AGRIS _n0 _cANA |
||
| 999 |
_c186166 _d186166 |
||